Технологическая (проектно-технологическая) практика. Часть 1 (профиль Промышленная разработка программного обеспечения) / ДО 2019 (09.03.04): электронный курс

Dades bibliogràfiques
Autor principal: Мокина Е. Е. Елена Евгеньевна
Autor corporatiu: Национальный исследовательский Томский политехнический университет Инженерная школа информационных технологий и робототехники Отделение информационных технологий
Sumari:Заглавие с экрана
Практика - обязательный элемент учебного процесса. Практика студентов ТПУ проводится на каждом курсе обучения и по своим целям, задачам и содержанию подразделяется виды и типы (тип практики определяется нормативными документами). Работа в сфере практик в ТПУ проводится на основе Регламента "Положение о порядке проведения практики обучающихся Томского политехнического университета" (положение о практике), утвержденный приказом No 232-3/од от 19.08.2020. Сроки проведения практик определяются ежегодно календарным учебным графиком, который Вы можете найти сайте Расписания ТПУ в правом верхнем углу страницы. Основной целью практики является получение профессиональных знаний и навыков в области разработки web-страниц сайта
Доступ по логину и паролю
Idioma:rus
Publicat: Томск, TPU Moodle, 2022
Matèries:
Accés en línia:https://design.lms.tpu.ru/course/view.php?id=4108
Format: Electrònic Llibre
KOHA link:https://koha.lib.tpu.ru/cgi-bin/koha/opac-detail.pl?biblionumber=668805

MARC

LEADER 00000nlm0a2200000 4500
001 668805
005 20240118115855.0
035 |a (RuTPU)RU\TPU\network\40042 
035 |a RU\TPU\network\38598 
090 |a 668805 
100 |a 20230125d2022 m y0rusy50 ca 
101 0 |a rus 
102 |a RU 
105 |a a j 000zy 
135 |a jrcn ---uucaa 
181 0 |a i  
182 0 |a b 
200 1 |a Технологическая (проектно-технологическая) практика. Часть 1 (профиль Промышленная разработка программного обеспечения) / ДО 2019 (09.03.04)  |e электронный курс  |f Е. Е. Мокина  |g Национальный исследовательский Томский политехнический университет, Инженерная школа информационных технологий и робототехники, Отделение информационных технологий 
203 |a Текст  |c электронный 
210 |a Томск  |c TPU Moodle  |d 2022 
300 |a Заглавие с экрана 
330 |a Практика - обязательный элемент учебного процесса. Практика студентов ТПУ проводится на каждом курсе обучения и по своим целям, задачам и содержанию подразделяется виды и типы (тип практики определяется нормативными документами). Работа в сфере практик в ТПУ проводится на основе Регламента "Положение о порядке проведения практики обучающихся Томского политехнического университета" (положение о практике), утвержденный приказом No 232-3/од от 19.08.2020. Сроки проведения практик определяются ежегодно календарным учебным графиком, который Вы можете найти сайте Расписания ТПУ в правом верхнем углу страницы. Основной целью практики является получение профессиональных знаний и навыков в области разработки web-страниц сайта 
333 |a Доступ по логину и паролю 
610 1 |a электронный ресурс 
610 1 |a труды учёных ТПУ 
610 1 |a электронные учебные пособия 
610 1 |a Moodle 
610 1 |a e-learning 
610 1 |a электронное обучение 
610 1 |a электронные курсы ТПУ 
610 1 |a электронные образовательные ресурсы 
610 1 |a дистанционное образование 
610 1 |a дистанционное обучение 
610 1 |a практика 
610 1 |a выбор темы 
610 1 |a проектирование 
610 1 |a отчетная документация 
610 1 |a защита 
700 1 |a Мокина  |b Е. Е.  |c специалист в области информатики и вычислительной техники  |c старший преподаватель Томского политехнического университета, инженер  |f 1978-  |g Елена Евгеньевна  |3 (RuTPU)RU\TPU\pers\26572  |9 12261 
712 0 2 |a Национальный исследовательский Томский политехнический университет  |b Инженерная школа информационных технологий и робототехники  |b Отделение информационных технологий  |3 (RuTPU)RU\TPU\col\23515 
801 2 |a RU  |b 63413507  |c 20230125  |g RCR 
856 4 |u https://design.lms.tpu.ru/course/view.php?id=4108 
942 |c CF